| 000 | 00776nam a2200253 a 4500 | ||
|---|---|---|---|
| 003 | AR-BaBNM | ||
| 005 | 20251128205122.0 | ||
| 008 | 082120s2002 ||||||||||||||000 | spa|| | ||
| 020 | _a950-43-1416-X | ||
| 040 | _cAR-BaBNM | ||
| 100 | 1 | _aIsaacson, José | |
| 245 | 0 | 0 | _aBorges entre los nombres y el Nombre |
| 260 |
_aBuenos Aires _bFundación El Libro _c1987 |
||
| 300 | _a75 p. | ||
| 500 | _aContiene antecedentes bibliográficos del autor en p. 61-72 | ||
| 500 | _aLa presente obra recibió el premio FAIGA, Federación Argentina de la Industria Gráfica y Afines | ||
| 650 | 4 | _aLITERATURA ARGENTINA | |
| 650 | 4 | _aCRITICA LITERARIA | |
| 650 | 4 | _aPREMIOS LITERARIOS | |
| 650 | 4 | _aANALISIS LITERARIO | |
| 655 | _aLITERATURA | ||
| 942 | _cBK | ||
| 998 | _cisola | ||
| 999 |
_c10062 _d10062 |
||